| 000 | 00621nam a2200205 a 4500 | ||
|---|---|---|---|
| 999 |
_c2772 _d2772 |
||
| 001 | 2772 | ||
| 003 | BD-JhCC | ||
| 005 | 20171106184820.0 | ||
| 008 | 171106b1964 bg ||||| |||| 00| 0 ben d | ||
| 035 | _a(BD-JhCC) | ||
| 040 |
_aBD-JhCC _dBD-JhCC |
||
| 041 | _aben | ||
| 082 |
_a910 _bHAQ 1964 |
||
| 100 | _aহক, সানাউল | ||
| 245 |
_aবন্দর থেকে বন্দরে / _cসানাউল হক |
||
| 260 |
_aঢাকা: _bনওরোজ কিতাবিস্তান ; _c১৯৬৪ |
||
| 300 |
_a১৯৫ পৃ.; _c২২ সেমি |
||
| 650 | _aTravelogue | ||
| 942 |
_2ddc _cBK |
||